00613nam a2200193 i 450000100060000000300090000600500170001500700030003200800410003510000210007624500700009726000580016730000480022549000310027365000260030470000270033083000310035785200310038823289ES-MaACL20250913172258.0t|021210s1972 sp ||||1| cat d1 aAlomar, Gabriel.13aLa pena de mort / cGabriel Alomar ; introducció: Antoni Serra. a[Palma de Mallorca : bJ. Mascaró Pasarius, c1972] a72 p., 1 lám. : b1 retr. aut. ; c19 cm.1 aCol-lecció Turmeda ; v807aPena de muerte2embne1 aSerra, Antoni, d1936-0 aCol-lecció Turmeda ; v8 aES-MaACLjE-9606 bR.84664